Résumé WWE 2025 de A-Z (Avant SummerSlam) - Statistiques

Statistiques générales
  • Ce quiz a été pris 147 fois
  • Le résultat moyen est 18 sur 26
Statistiques - réponses
Lettre Indice Réponse % Correct
C American NightMare Cody Rhodes
99%
B A effectué un retour choquant lors de la nuit 2 de SummerSlam Brock Lesnar
92%
I N'as jamais perdu face a Rhea Ripley Iyo Sky
89%
Y Jey Uso ! YEET
86%
Q Nombre de personne ayant obtenue le titre World Heavyweight depuis le début d'année 4 / Quatre
85%
R A gagné le Ula-Fala lors de la première sur Netflix Roman Reigns
85%
A A perdu face a Dominik Mysterio a SummerSlam AJ Styles
84%
P Cero Miedo Penta
82%
D Surnom du champion Intercontinental Dirty
81%
G Luchador dont on ne sait plus qui est sous ce masque Grande Americano
80%
N Cash-In a Evolution Naomi
80%
S I love you ... Solo
72%
T A affronté Trish Stratus à Evolution Tiffany Stratton
72%
U Est à la tête de la Wyatt Sicks Uncle Howdy
72%
F Le mot d'ordre entre Charlotte Flair & Alexa Bliss Friends
69%
K A dût annulé son match juste avant WrestleMania pour cause d'une blessure Kevin Owens
68%
E A affronté Santino Marella pour le titre Nord Américain de NXT Ethan Page
66%
V A remporté sa place pour Clash In Paris à Evolution Stephanie Vaquer
66%
W A remporté le TLC à SummerSlam pour les titres par équipes Wyatt Sicks
66%
X A remporté son 5ème titre par équipe a WrestleMania 41 Xavier Woods
64%
O A conservé son titre face a Inamura à NXT Great American Bash Oba Femi
63%
M Femme à la tête d'Alpha Academy Maxine Dupri
58%
Z Coéquipière de Sol Ruca Zaria
41%
L Finaliste de la battle royale féminine à Evolution Lash Legend
39%
H Moitié des champions par équipe de NXT Hank
29%
J A battu La Knight pour son premier combat a la WWE JC Mateo
25%
Aucun quiz correspondant
Distribution des résultats
% des personnes avec chaque résultat
Percentile par nombre de réponses
Votre historique - résultats
Vous n’avez pas pris ce quiz